Statistics for Name any Country that ...

Click here to take the quiz!

General Stats

  • This quiz has been taken 7,345 times
  • The average score is 7 of 10

Answer Stats

Name any Country that...Valid Countries% Correct
... starts with 'Sw'Sweden, Switzerland
92%
... borders Russia and contains a 'U'Ukraine, Belarus, Lithuania
90%
... is a single-party communist countryChina, Cuba, Laos, Vietnam
84%
... has 10 or more stars on its flagBrazil, Dominica, United States, Uzbekistan
83%
... contains a 'H' and a 'K'Kazakhstan, North Korea, South Korea
77%
... is in Oceania and has less than 100,000 peopleTuvalu, Nauru, Palau, Marshall Islands
77%
... has a population between 90m and 110mVietnam, Egypt, Philippines, Ethiopia
55%
... is doubly landlockedLiechtenstein, Uzbekistan
49%
... has a PPP GDP between $2.5 to $3.5 trillionFrance, United Kingdom, Brazil, Indonesia
39%
... has an area between 500,000 and 550,000 km2Spain, Thailand, Yemen
20%

Score Distribution

Percentile by Number Answered

Percent of People with Each Score

Your Score History

You have not taken this quiz